[Event "RUS-ch Rapid 2021"]
[Site "Sochi"]
[Date "2021.10.13"]
[Round "8.6"]
[White "Sarana, Alexey"]
[Black "Vastrukhin, Oleg"]
[Result "1/2-1/2"]
[WhiteElo "2649"]
[BlackElo "2382"]
[Annotator "TA"]
[PlyCount "82"]
[EventDate "2021.10.12"]
[EventType "swiss"]
[EventCountry "RUS"]
[SourceTitle "playchess.com"]
[Source "ChessBase"]
[SourceQuality "1"]

{[%evp 9,82,53,50,14,23,19,17,-20,-24,-20,-34,-30,-27,-71,-25,-53,-53,-63,-55,-56,-51,-56,-41,-59,-47,-75,-43,-39,-47,-46,-43,-37,-30,-34,-30,-34,-22,-25,-16,-88,-39,-97,-97,-113,-109,-102,-85,-83,-79,-70,-72,-116,-113,-131,-135,-138,-18,-20,-10,-11,-8,-13,-4,-6,-6,-74,-74,-83,-83,-83,-83,-83,-74,-83,0]} 1. d4 g6 2. e4 Bg7 3. Nc3 d5 4. exd5 Nf6 5. Bb5+ Nbd7 {[%cal Bb8d7,Bd7b6,Bb6d5][%mdl 32]} 6. Nge2 {B06: Modern Defence.} O-O 7. Nf4 Nb6 {[%cal Rf6d5]} 8. Qf3 {The position is equal.} Bg4 9. Qg3 Bf5 10. Bd3 Bxd3 {[#]} 11. Qxd3 $146 ({Predecessor:} 11. Nxd3 Nfxd5 12. Ne2 Qd6 13. Qf3 c6 14. c3 a5 15. h4 h6 16. h5 g5 17. Nc5 {0-1 (55) Pajcin,L (2160)-Stankovic,M (1944) Kovacica 2019}) 11... Nbxd5 12. Nce2 c5 13. dxc5 Qa5+ 14. c3 Qxc5 15. O-O Rfd8 {Hoping for ...Nxf4.} 16. Qf3 e5 17. Nxd5 Qxd5 (17... Nxd5 {feels hotter.} 18. Rd1 Qb5 19. Qe4 Rac8 20. Qc2 h6) 18. Bg5 Qxf3 19. gxf3 Rd3 20. Rad1 Rad8 21. Rxd3 Rxd3 22. Kg2 h6 23. Be3 Nd5 24. Bc1 (24. Nc1 $11 Nxe3+ 25. fxe3) 24... b5 25. Re1 (25. f4 $15) 25... f5 $36 {[%mdl 2048] Black has strong initiative.} 26. Ng3 Kf7 27. Nf1 g5 28. Ne3 Nf4+ 29. Kf1 Kg6 30. c4 {[#]} bxc4 $1 31. Nxc4 Rxf3 {Threatens to win with ...Nd3.} 32. Bxf4 Rxf4 (32... exf4 $17 33. Re6+ Kh5) 33. Nxe5+ $11 Bxe5 34. Rxe5 $17 {[%mdl 4096] Endgame KR-KR} Ra4 35. a3 Ra6 36. Rb5 f4 37. Kg2 {[#]} (37. h4 $1 $11) 37... Kh5 $1 {Black is better.} 38. h3 Kh4 39. Rb7 h5 40. Rc7 Ra5 41. Rd7 Ra6 {Weighted Error Value: White=0.13/Black=0.11} (41... Re5 $17 42. Rxa7 f3+ 43. Kxf3 Kxh3) 1/2-1/2

[Event "RUS-ch Rapid 2021"]
[Site "Sochi"]
[Date "2021.10.13"]
[Round "8.8"]
[White "Grachev, Boris"]
[Black "Popov, Valerij"]
[Result "1/2-1/2"]
[WhiteElo "2615"]
[BlackElo "2537"]
[Annotator "TA"]
[PlyCount "82"]
[EventDate "2021.10.12"]
[EventType "swiss"]
[EventCountry "RUS"]
[SourceTitle "playchess.com"]
[Source "ChessBase"]
[SourceQuality "1"]

{[%evp 9,82,11,8,12,12,12,12,12,12,3,9,1,14,11,21,0,12,11,6,10,13,0,5,8,2,-9,-20,-29,-31,-28,-34,-18,0,0,0,-10,0,-9,-1,-19,20,-12,0,-7,0,-10,-10,-40,-7,-18,-9,-18,-11,-19,0,-18,0,-18,0,-52,0,-77,8,0,0,0,0,12,117,110,118,116,86,92,88]} 1. d4 Nf6 2. Nf3 e6 3. c4 d5 4. e3 a6 5. b3 c5 6. Bd3 {D30: Queen's Gambit Declined: Systems without Nc3.} Nc6 7. Bb2 cxd4 8. exd4 {The position is equal.} b6 9. O-O Bb7 10. Nbd2 Be7 11. Qe2 O-O 12. Rfd1 Nb4 13. Bb1 Nc6 14. a3 Re8 15. Bd3 Bf8 16. Rac1 g6 17. b4 dxc4 {[#]} 18. Nxc4 $146 ({Predecessor:} 18. Bxc4 b5 19. Bd3 Ne7 20. Nb3 Ned5 21. g3 Nb6 22. Nc5 Bd5 23. Ne5 Ra7 24. Rc2 Qa8 25. Rdc1 Nbd7 26. Ncxd7 Nxd7 {½-½ (32) Anton Guijarro,D (2546)-Arizmendi Martinez,J (2560) San Agustin 2012}) 18... Bh6 19. Rc2 Nd5 20. g3 a5 21. b5 Nce7 22. Nce5 Rc8 23. h4 Rxc2 24. Bxc2 Qc8 25. Be4 f6 26. Nc4 Qd7 27. Bd3 Nf5 28. Re1 Bf8 ({Inferior is} 28... Qxb5 29. Nd6 $1 $16 {[%mdl 512]}) 29. Ncd2 Bg7 30. Ne4 Re7 31. Rc1 Re8 32. Re1 Re7 33. Ned2 h6 34. h5 ({White should play} 34. a4 $11) 34... g5 (34... gxh5 $15 35. Qf1 h4 36. Bxf5 exf5 37. Rxe7 Nxe7 38. Nxh4 f4 {[%mdl 64] Decoy} 39. gxf4 Qg4+ 40. Ng2 Qg6) 35. Nc4 {[#]} (35. a4 $11 {keeps the balance.}) 35... Nd6 (35... Qxb5 $6 36. Nce5 $14) (35... Qc7 $1 $17 36. Bb1 a4) 36. a4 {With the idea Ba3.} Nxc4 37. Bxc4 Qe8 38. Nd2 {Ba3 is the strong threat.} f5 (38... Qd8 $11) 39. Ba3 $16 {White is better.} Nb4 40. Bxb4 ({But not} 40. Bxe6+ $6 Kh8 $11) 40... axb4 {[#]} 41. d5 {[%cal Rd5d6] Hoping for d6.} ({Much worse is} 41. Bxe6+ $6 Kh8 $11) 41... g4 {Weighted Error Value: White=0.12/Black=0.16} 1/2-1/2

[Event "RUS-ch Rapid 2021"]
[Site "Sochi"]
[Date "2021.10.13"]
[Round "8.9"]
[White "Dreev, Aleksey"]
[Black "Nesterov, Arseniy"]
[Result "1-0"]
[WhiteElo "2635"]
[BlackElo "2514"]
[Annotator "TA"]
[PlyCount "159"]
[EventDate "2021.10.12"]
[EventType "swiss"]
[EventCountry "RUS"]
[SourceTitle "playchess.com"]
[Source "ChessBase"]
[SourceQuality "1"]

{[%evp 25,159,0,18,13,29,0,7,0,22,21,18,22,22,11,18,0,10,0,0,-26,0,0,0,-112,-12,-5,-9,-10,60,26,62,55,95,0,77,56,40,4,62,60,201,125,45,25,214,248,240,262,236,247,388,382,480,484,512,520,525,524,566,550,453,436,581,434,708,627,539,406,708,708,687,685,1039,1134,945,686,872,708,665,619,1255,708,693,686,679,679,671,657,635,635,894,849,1505,2083,1318,1111,649,602,525,391,29958,29962,29963,29964,29965,29966,29965,29966,29965,29967,29962,0,29959,0,29962,29947,29969,29970,29959,29960,29980,29981,29981,29982,29982,29983,29983,29983,29983,29984,29984,29985,29985,29986,29986,29987]} 1. d4 d5 2. c4 e6 3. Nc3 Nf6 4. cxd5 exd5 5. Bg5 Be7 6. e3 O-O 7. Bd3 Nbd7 8. Nf3 c6 9. Qc2 h6 10. Bh4 Re8 11. O-O Ne4 12. Bxe7 Qxe7 13. b4 a6 14. a4 {D36: Queen's Gambit Declined: Exchange Variation: Main line (5 Bg5 c6 6 Qc2).} Ndf6 15. Rab1 Bf5 16. Ne2 $5 {[%mdl 4] [#] The position is equal. Leaves trodden paths.} Bg4 $146 ({Predecessor:} 16... Rac8 17. Ne5 Bh7 18. Rfc1 Nd6 19. Ng3 Bxd3 20. Qxd3 Nd7 21. Nxd7 Qxd7 22. h3 b5 {½-½ (40) Khanukov,B (2291)-Braeunlin,H (2031) Magdeburg 2020}) 17. Ne5 {Hoping for f3.} Bxe2 18. Bxe2 Nd7 19. Nd3 Nd6 20. Nf4 Rec8 21. b5 cxb5 22. Qa2 {[%cal Ra4b5]} bxa4 23. Nxd5 Qe6 24. h3 (24. Qxa4 $11 b5 25. Qa2) 24... Kh8 (24... b5 $17 25. Bg4 f5 26. Ne7+ Kf7 27. Qxe6+ Kxe6 28. Nxc8 Rxc8) 25. Qxa4 $11 b5 $1 {[%cal Rb5a4]} 26. Qb3 Nc4 ({Better is} 26... Rab8 $11) 27. Nf4 $14 Qd6 28. Rfd1 Rab8 29. g3 (29. Qa2 $16) 29... a5 {[#]} (29... Nf6 $1 $11 {keeps the balance.}) 30. e4 $1 $16 a4 31. Qf3 a3 (31... Nf8 $11) 32. e5 $1 $36 {[%cal Re5d6][%mdl 2048] White has good play.} Qa6 (32... Qe7 $14) 33. e6 fxe6 {White must now prevent ...e5.} 34. Ng6+ Kg8 $2 {White now steadily converts the win.} (34... Kh7 $1 $11 {and Black has nothing to worry.}) 35. Ne7+ $18 Kh8 36. Nxc8 Rxc8 {[#]} 37. Qb3 $1 Nb2 (37... Qa5 {keeps fighting.} 38. Qxb5 a2) 38. Re1 Nf6 39. Bxb5 Qa7 40. Qxe6 Rb8 41. Qe5 Rd8 42. Ra1 Rd5 43. Qe2 Qa5 44. Bd3 Rxd4 (44... Nxd3 $142 45. Qxd3 a2) 45. Bg6 {Intending Qe8+! and mate.} Rd8 46. Qe7 Ra8 (46... Nc4 $142 47. Qe6 Qd5 48. Qxd5 Rxd5) 47. Re5 Qc3 48. Re3 Qd4 49. Rexa3 Rg8 50. Qe3 Qd5 {and the idea ...Nc4 leaves Black hopeful.} 51. Qb3 Nc4 52. Ra4 Qg5 53. Qxc4 Qxg6 54. Ra8 Rxa8 55. Rxa8+ {[%mdl 4096] Endgame KQR-KQN} Kh7 56. Ra1 Qf5 57. Kg2 Ne4 58. Qc2 Nxg3 59. Qxf5+ Nxf5 {KR-KN} 60. Ra6 Kg8 61. Kf3 Kf7 62. Ke4 Ne7 $2 (62... Nh4 $18 63. Rd6 Ke7) 63. f4 Ng6 64. f5 Nf8 65. Ra7+ Kf6 66. Kf4 Nh7 67. Ra6+ Kf7 68. Ra7+ Kf6 69. Ra6+ Kf7 70. Ke5 {White mates.} Ng5 71. Ra7+ Kg8 72. Ra3 Kf8 73. h4 Nf7+ 74. Ke6 Nd8+ 75. Kd7 Nb7 76. Ra8+ Kf7 77. Ra7 Kf6 78. Rxb7 Kxf5 79. Rb5+ Kg4 80. h5 {Weighted Error Value: White=0.28/Black=0.49} 1-0

[Event "RUS-ch Rapid 2021"]
[Site "Sochi"]
[Date "2021.10.13"]
[Round "8.11"]
[White "Zakhartsov, Vladimir"]
[Black "Afanasiev, Nikita"]
[Result "0-1"]
[WhiteElo "2514"]
[BlackElo "2560"]
[Annotator "TA"]
[PlyCount "74"]
[EventDate "2021.10.12"]
[EventType "swiss"]
[EventCountry "RUS"]
[SourceTitle "playchess.com"]
[Source "ChessBase"]
[SourceQuality "1"]

{[%evp 15,74,25,16,5,8,6,26,21,17,-7,-16,-37,-19,-82,-79,-90,-12,-16,0,0,0,0,0,-9,0,0,0,0,15,0,0,0,0,0,34,0,32,-29,112,114,126,24,33,0,0,0,0,0,0,0,0,-10,0,-23,-24,-175,-168,-1354,-1329,-29994,-29995]} 1. d4 Nf6 2. c4 e6 3. Nc3 Bb4 4. e3 O-O 5. Bd2 b6 6. Nf3 Bb7 7. Bd3 Bxc3 8. Bxc3 Ne4 9. Bb4 {E21: Nimzo-Indian: 4 Nf3.} d6 10. O-O Nd7 11. Nd2 {White has an edge.} f5 {[#]} 12. Bxe4 $146 ({Predecessor:} 12. f3 Qg5 13. Qe2 Nef6 14. e4 Nh5 15. Nb3 Nf4 16. Qd2 a5 17. Bc3 a4 18. Nc1 fxe4 19. fxe4 Bxe4 20. Rxf4 Qxf4 21. Qxf4 Rxf4 {0-1 (34) Huynh Ngoc Thuy,L-Loboda,D (1701) Taipa 2014}) 12... fxe4 13. Qg4 {[%mdl 64] Double Attack} Rf5 14. d5 (14. Nxe4 $2 h5 $19) (14. Bc3 $11) 14... Nf6 $17 15. Qh3 Bc8 (15... Qc8 $17 16. dxe6 Rh5) 16. dxe6 $1 $11 Bxe6 17. Bc3 Qd7 {Threatening ...Rf4.} 18. Qh4 Rh5 19. Qg3 {Hoping for Bxf6.} Rf8 20. f4 Bf5 21. Rfd1 Qe6 22. b3 Rh6 23. Nf1 Rg6 24. Qe1 h5 25. Kh1 Ng4 26. h3 {[#]} ({White should play} 26. Qh4 $14) 26... Nh6 (26... Ne5 $1 $11 27. Qh4 (27. fxe5 Bxh3 28. Qg3 Rxf1+ 29. Rxf1 Rxg3 $19) 27... Nf3 28. gxf3 exf3) 27. Qh4 $16 Qe8 28. Ng3 ({White should try} 28. Rd5 $16) 28... Be6 $11 29. Nxh5 ({Much worse is} 29. Nxe4 {[#]} Bxc4 $1 30. Ng5 Nf5 $1 $17) 29... Nf5 {[%cal Bh6f5,Bf5h4,Bh4f3][%mdl 32]} 30. Qf2 Rxg2 31. Qxg2 {[%cal Rh5g7]} Qxh5 32. Rg1 {[%cal Rg2g7] aiming for Qxg7+!} Rf7 33. Rae1 Bd7 34. Re2 Nh4 35. Qf2 (35. Qg3 $11) 35... Nf3 $19 36. Qg2 ({Don't go for} 36. Rg3 $2 Bxh3 37. Qxf3 exf3 $19) (36. h4) 36... Bxh3 37. Qg6 {[#]} Bg2+ $1 {[%mdl 512] Weighted Error Value: White=0.56/Black=0.18} 0-1

[Event "RUS-ch Rapid 2021"]
[Site "Sochi"]
[Date "2021.10.13"]
[Round "8.14"]
[White "Gutenev, Alexander"]
[Black "Bocharov, Dmitry"]
[Result "0-1"]
[WhiteElo "2455"]
[BlackElo "2517"]
[Annotator "TA"]
[PlyCount "117"]
[EventDate "2021.10.12"]
[EventType "swiss"]
[EventCountry "RUS"]
[SourceTitle "playchess.com"]
[Source "ChessBase"]
[SourceQuality "1"]

{[%evp 9,117,16,26,8,25,29,25,6,12,0,5,-17,-17,0,-10,0,0,0,0,-93,-97,-97,-81,-111,-122,-114,-114,-144,-141,-179,-167,-186,-166,-163,-165,-233,-91,-87,-102,-104,-78,-144,-136,-210,-191,-195,-182,-181,-181,-181,-161,-157,-115,-235,-195,-673,-459,-452,-454,-459,-458,-456,-451,-451,-449,-441,-433,-528,-525,-593,-562,-590,-561,-571,-570,-589,-522,-581,-575,-777,-779,-767,-777,-756,-744,-719,-719,-29972,-29973,-29971,-29973,-29974,-29973,-29976,-29976,-29978,-29975,-29973,-29976,-29976,-29968,-29977,-29978,-29978,-29979,-29984,-29984,-29984,-29985,-29986]} 1. e4 c5 2. Nf3 d6 3. d4 cxd4 4. Nxd4 Nf6 5. Nc3 a6 6. Qd3 {B90: Sicilian Najdorf: Unusual White 6th moves, 6 Be3 Ng4 and 6 Be3 e5.} Nbd7 7. Be2 g6 8. O-O {White has an edge.} Bg7 {[#]} 9. a4 $146 ({Predecessor:} 9. Rd1 O-O 10. Bg5 h6 11. Bh4 Re8 12. a4 Qa5 13. Rab1 Qb4 14. Qe3 Nb6 15. a5 {½-½ (54) Samusenko,M (2452)-Makoveev,I (2277) Moscow 2020}) 9... b6 10. f4 Bb7 11. Bf3 {With the idea e5.} O-O 12. e5 {[%mdl 64] Discovered Attack} dxe5 13. Bxb7 Nc5 14. Qc4 (14. Qd2 $11 {remains equal.} Qxd4+ 15. Qxd4 exd4 16. Bxa8) 14... Nxb7 $17 ({Of course not} 14... Qxd4+ $6 15. Qxd4 exd4 16. Bxa8 $11) 15. Nc6 {[#]} Na5 $1 16. Nxa5 (16. Nxd8 Nxc4) 16... bxa5 17. fxe5 Nd7 18. Be3 Nxe5 19. Qe4 e6 20. Bc5 Re8 21. Rad1 Qc7 22. Bd6 (22. Bd4 $142) 22... Qc4 (22... Qb6+ $19 {and Black stays clearly on top.} 23. Kh1 f5 $1) 23. Bxe5 Qxe4 24. Nxe4 {aiming for Bxg7.} Bxe5 25. Rd7 {[#]} ({White should play} 25. Nd6 Red8 26. Nc4 Bd4+ 27. Kh1) 25... f5 $1 {[%cal Rf5e4]} 26. Nc5 (26. Ng5 $17) 26... Rac8 $19 27. Nd3 Bf6 28. c3 Red8 29. Rxd8+ Rxd8 {[%mdl 4096] Endgame KRB-KRN} 30. Nc5 Rd6 31. Rf2 (31. Ne4 $17 fxe4 32. Rxf6) 31... Be7 {( -> ...Rd1+)} 32. Nb7 $2 (32. Rf1) 32... Rb6 33. Nxa5 Bc5 $1 {[%csl LRb2,LRf2] And now ...Rxb2 would win.} 34. b4 Bxf2+ 35. Kxf2 {KR-KN} e5 36. Ke3 Kg7 37. Nc4 Rc6 38. Kd3 Kf6 39. b5 axb5 40. axb5 Rc5 41. Na3 Ke6 42. c4 Rc8 43. Nc2 Kd6 44. Nb4 Kc5 45. Kc3 e4 46. Na6+ Kb6 47. Nb4 Rd8 48. Nd5+ {[#]} Rxd5 $1 {[%mdl 512] Black mates.} 49. cxd5 Kxb5 {KP-KP} 50. Kd4 Kb6 51. g3 Kc7 52. Kc4 Kd6 53. Kd4 h6 54. h3 Kd7 55. Kc4 g5 56. Kd4 {[#]} h5 $1 {[%cal Rh5h4]} 57. Ke3 h4 58. gxh4 gxh4 59. Kd4 {Weighted Error Value: White=0.49/Black=0.08} 0-1

[Event "RUS-ch Rapid 2021"]
[Site "Sochi"]
[Date "2021.10.13"]
[Round "8.17"]
[White "Rozum, Ivan"]
[Black "Bryakin, Mikhail"]
[Result "1-0"]
[WhiteElo "2529"]
[BlackElo "2498"]
[Annotator "TA"]
[PlyCount "115"]
[EventDate "2021.10.12"]
[EventType "swiss"]
[EventCountry "RUS"]
[SourceTitle "playchess.com"]
[Source "ChessBase"]
[SourceQuality "1"]

{[%evp 9,115,14,23,0,0,0,15,2,0,9,20,0,0,0,64,40,51,21,14,18,22,22,20,17,11,10,8,8,12,12,10,9,8,-27,-27,-22,0,0,0,0,0,0,0,0,0,0,0,0,0,0,0,0,0,0,0,0,0,0,0,0,0,0,0,0,0,0,0,0,0,0,8,8,8,8,8,0,0,0,8,8,8,8,0,0,8,8,8,8,41,8,608,577,770,655,992,936,792,772,29980,29981,29981,29982,29985,29986,29987,29988,29989,29990]} 1. Nf3 d5 2. g3 Nf6 3. Bg2 c6 4. c4 dxc4 5. O-O Nbd7 6. Na3 {A11: English Opening: 1...c6.} Nb6 7. Ne5 h5 8. Naxc4 {The position is equal.} Nxc4 9. Nxc4 h4 {[#]} 10. Qb3 $146 ({Predecessor:} 10. d3 hxg3 11. hxg3 Bh3 12. Bxh3 Rxh3 13. Kg2 Rh5 14. Rh1 Rxh1 15. Qxh1 g5 16. Kf1 {0-1 (39) Eljanov,P (2656)-Banusz,T (2620) Chess.com INT 2020}) 10... hxg3 11. fxg3 Qd4+ (11... e5 $11) 12. e3 $14 Qc5 13. Rf4 e5 {[#]} 14. d4 $1 exd4 15. exd4 Qb4 16. Bd2 Qxb3 17. axb3 {Nb6! is the strong threat.} Be6 {[#]} 18. Nb6 $1 {[%mdl 64] Pin} Rb8 19. Rxa7 Bd6 $1 20. Rf1 Bxb3 21. Bf4 (21. Re1+ {seems wilder.} Kd8 22. Bf3 Re8 23. Rc1 Re7 24. Bg5) 21... Bxf4 22. Rxf4 Kd8 23. Rf3 Be6 24. Rc3 Rh5 25. Rc5 Rxc5 26. dxc5 Kc7 (26... Nd7 {keeps more tension.} 27. Nxd7 Bxd7 28. b4 Kc7 29. Bf3 Rd8) 27. Ra8 Rxa8 28. Nxa8+ $11 {[%mdl 4096] Endgame KBN-KBN} Kd8 (28... Kb8 $5 29. Nb6 $8 Bb3 $11) 29. Nb6 Ng4 30. Bf3 Ne5 31. Be2 g5 32. Kf2 Ke7 33. Ke3 f5 34. b4 Kf6 35. Kd4 f4 36. gxf4 gxf4 {White must now prevent ...f3.} 37. Ke4 Ng6 38. Bh5 {aiming for Bxg6.} Bf5+ 39. Kf3 {Hoping for Bxg6.} Ne5+ 40. Kxf4 Nd3+ 41. Ke3 Nxb4 42. Be2 Nc2+ 43. Kf4 Nd4 44. Bc4 Bh3 45. Ke4 Nc2 46. Kf4 Nd4 47. Na4 Ke7 48. Nc3 Kd7 49. Ne4 Kc7 $2 {[%mdl 8192] [#] Loses the game.} (49... Be6 $11 50. Bd3 Ke7) 50. Ng5 $1 $18 Bd7 {[#]} 51. h4 $1 b6 52. h5 Nf5 53. Be6 Ne7 54. cxb6+ {[%mdl 64] Overworked Piece. White mates.} Kxb6 55. Bxd7 Kc7 56. Be6 Kd6 57. Bf7 Nc8 58. h6 {Weighted Error Value: White=0.03/Black=0.38} 1-0

[Event "RUS-ch Rapid 2021"]
[Site "Sochi"]
[Date "2021.10.13"]
[Round "8.18"]
[White "Grebnev, Aleksey"]
[Black "Petrov, Nikita"]
[Result "0-1"]
[WhiteElo "2469"]
[BlackElo "2539"]
[Annotator "TA"]
[PlyCount "132"]
[EventDate "2021.10.12"]
[EventType "swiss"]
[EventCountry "RUS"]
[SourceTitle "playchess.com"]
[Source "ChessBase"]
[SourceQuality "1"]

{[%evp 9,132,8,20,0,13,0,0,0,0,0,0,0,0,0,8,0,15,11,26,28,48,24,44,20,26,-6,-16,-12,-9,-15,-8,-9,-11,-15,-15,-15,-15,-15,0,0,0,0,0,-8,-9,-10,-10,-10,0,-10,-10,-35,-35,-35,-35,-48,-48,-48,-35,-60,-57,-66,-60,-60,-57,-60,-58,-58,-58,-58,-58,-57,-57,-57,-62,-143,-154,-151,-145,-150,-144,-150,-150,-125,-150,-153,-158,-142,-136,-136,-129,-135,-204,-233,-215,-408,-394,-703,-701,-599,-586,-29953,-29954,-29950,-29944,-6922,-5533,-2796,-1866,-29962,-29963,-29957,-10225,-29966,-29966,-29966,-29967,-29967,-29966,-6418,0,-6088,-5073,-29958,-12727]} 1. d4 Nf6 2. c4 e6 3. Nc3 Bb4 4. e3 O-O 5. Nf3 c5 6. Bd2 {E50: Nimzo-Indian: Rubinstein: 4...0-0 5 Nf3.} b6 7. a3 Bxc3 8. Bxc3 {The position is equal.} Ne4 9. Rc1 Bb7 10. Bd3 Nxc3 11. Rxc3 d6 12. O-O Nd7 13. d5 {[#]} e5 $146 ({Predecessor:} 13... exd5 14. cxd5 Nf6 15. e4 a6 16. Re1 b5 17. Qd2 Re8 18. h3 Nd7 19. Bb1 Qf6 {0-1 (56) Schulze,G-Haumann,J GER email 2001}) 14. e4 g6 15. Qd2 Kg7 16. h3 Qe7 17. b4 cxb4 18. axb4 a5 19. Rb1 axb4 20. Rcb3 Ra3 {next ...Nc5 is good for Black.} 21. Qxb4 Rxb3 22. Rxb3 Nc5 23. Ra3 Qc7 24. Bc2 Ra8 25. Rxa8 Bxa8 26. Qa3 Bb7 27. Qa7 Qd8 28. h4 Bc8 29. g3 Bg4 30. Qa3 (30. Kg2 {is interesting.} h6 31. Qa3 Bxf3+ 32. Kxf3 Qd7 33. Kg2) 30... Bxf3 31. Qxf3 Qa8 32. Qe2 Qa1+ 33. Kg2 Qc1 34. f3 Qb2 35. Qf2 Qc3 36. Qe2 Nb7 37. g4 Na5 38. Bd3 h6 39. Kf2 Nb3 {[#] Hoping for ...Nc1.} 40. Qc2 Qb4 41. Kg2 Nd4 42. Qf2 {White is now going downhill.} (42. Qc1 $15) 42... Qc3 $17 43. Bf1 Qc1 44. Bd3 Qf4 45. Bf1 Kg8 46. Bd3 Kf8 47. Bf1 Kg7 48. Bd3 Qc1 49. Bf1 Qc3 50. Kg3 f5 51. gxf5 gxf5 52. Kg2 $2 {[#]} (52. exf5 Nxf5+ 53. Kh2) 52... f4 $19 53. h5 $2 (53. Be2 Qd2 54. Kf1) 53... Qe3 54. Qh4 Qxf3+ 55. Kg1 Qg3+ 56. Qxg3+ fxg3 {[%mdl 4096] Endgame KB-KN} 57. Kg2 Kf6 58. Kxg3 Kg5 59. Bd3 Kxh5 60. Bf1 Kg5 61. Bd3 h5 62. Bb1 h4+ 63. Kh3 Ne2 64. Bc2 Nd4 $2 (64... Nc3 $19 65. Bd3 Kf4 66. Kxh4 Nxe4) 65. Bd3 $2 {[%mdl 8192]} (65. Bb1 $11 Nf3 66. Bd3) 65... Nf3 66. Bb1 Kh5 {Weighted Error Value: White=0.47/Black=0.03} 0-1

[Event "RUS-ch Rapid 2021"]
[Site "Sochi"]
[Date "2021.10.13"]
[Round "8.19"]
[White "Kobalia, Mikhail"]
[Black "Zakaryan, David"]
[Result "0-1"]
[WhiteElo "2600"]
[BlackElo "2283"]
[Annotator "TA"]
[PlyCount "118"]
[EventDate "2021.10.12"]
[EventType "swiss"]
[EventCountry "RUS"]
[SourceTitle "playchess.com"]
[Source "ChessBase"]
[SourceQuality "1"]

{[%evp 9,118,4,14,18,10,8,13,0,0,0,0,0,0,-12,22,20,35,2,16,8,41,8,37,0,33,0,69,70,57,50,93,81,109,122,104,93,83,0,0,0,17,-50,40,33,26,-18,-7,-95,-40,-43,-41,-24,-27,-129,-127,-121,-106,-280,-277,-239,-240,-231,-204,-377,-380,-373,-377,-354,-347,-332,-154,-227,-187,-193,-194,-197,-151,-167,-160,-211,-191,-213,-217,-222,-217,-258,-259,-293,-291,-508,-508,-548,-507,-508,-507,-507,-507,-507,-485,-968,-927,-1862,-1708,-1630,-1461,-5501,-3044,-29989,-29990,-29990,-29991]} 1. e4 c5 2. Nf3 e6 3. g3 Nc6 4. Bg2 Nf6 5. Qe2 e5 6. O-O {B40: Sicilian: 2...e6, Unusual lines.} Be7 7. d3 O-O 8. c3 {The position is equal.} Re8 9. Na3 h6 10. Nc4 Bf8 11. Ne3 d6 12. Nd2 {[#]} b6 $146 ({Predecessor:} 12... Ne7 13. f4 exf4 14. gxf4 d5 15. e5 d4 16. exf6 Nf5 17. Ne4 dxe3 18. Bxe3 g6 {½-½ (49) Wachinger,N (2334)-Zwirs,N (2453) Bremen 2020}) 13. f4 exf4 14. gxf4 {Hoping for e5.} Qc7 15. Kh1 Ba6 16. Rg1 Rad8 17. c4 b5 (17... d5 $11 18. cxd5 (18. Nxd5 Nxd5 19. cxd5 Rxd5 $17 {[%mdl 64] Pin}) 18... Nb4) 18. b3 $1 $14 bxc4 19. bxc4 Nd4 20. Qf2 Rb8 {[#]} 21. Nb3 $1 g6 22. Bb2 Bg7 23. Bh3 (23. Nxd4 $6 cxd4 24. Nd1 (24. Bxd4 Nxe4 {[%mdl 64] Discovered Attack} 25. dxe4 Bxd4 $17) 24... Bb7 $11) (23. Qd2 $16) 23... Bb7 $40 {[%mdl 128] And now ...Rxe4! would win. White needs to defend precisely.} 24. Bg2 Bc6 25. Rab1 (25. Bxd4 $11 cxd4 26. Nc2) 25... Kh7 (25... Nxb3 $15 26. Bxf6 Bxf6 27. axb3 Bd4) 26. Ba1 a5 27. Qh4 Qe7 {[%cal Rf6e4] aiming for ...Nxe4.} 28. Rge1 ({But not} 28. Nxd4 $2 Nxe4 29. Nxc6 Qxh4 $19) (28. Qf2 $11 {remains equal.}) 28... Nh5 ({Black should play} 28... Nxb3 $17 29. axb3 Nh5 30. Qxe7 Rxe7) 29. Qf2 $15 Nxb3 30. Bxg7 Kxg7 31. Rxb3 (31. axb3 $11 Rb7 32. f5) 31... Rxb3 $17 32. axb3 Rb8 33. Nd5 $2 {This move loses the game for White.} (33. e5 $17 Bxg2+ 34. Qxg2) 33... Bxd5 $19 34. cxd5 Qf6 35. Rf1 Rxb3 36. Qe3 $2 (36. e5 dxe5 37. fxe5 Qxf2 38. Rxf2) 36... Qd4 37. Qxd4+ cxd4 {[%mdl 4096] Endgame KRB-KRN} 38. e5 a4 ({Weaker is} 38... Rxd3 39. exd6 Nf6 40. Ra1 $19) 39. exd6 Rb6 ({Not} 39... Rxd3 $2 40. d7 $18) (39... Nf6 $19 {has better winning chances. Strongly threatening ...a3.} 40. d7 Nxd7) 40. Ra1 (40. d7 $17 {is a better defense.} Rd6 41. f5) 40... Nxf4 {White must now prevent ...Kf8.} 41. d7 Rd6 42. Rxa4 Nxd3 43. Rxd4 Ne5 44. h3 (44. d8=R $17 {was necessary.} Rxd8 45. Ra4) 44... Nxd7 45. Kh2 f5 46. Rc4 {intending Rc6.} Kf6 47. Rh4 h5 48. Rb4 g5 49. h4 $2 {[#]} (49. Rc4) 49... g4 $1 50. Rb1 Nb6 51. Rb5 Ke5 52. Kg3 f4+ 53. Kf2 f3 54. Bf1 (54. Bxf3 $142 gxf3 55. Kg3) 54... Nxd5 55. Ra5 Rc6 56. Kg3 Rc1 57. Bd3 Kd4 {( -> ...Rg1+)} 58. Bg6 Rg1+ 59. Kh2 f2 {Weighted Error Value: White=0.71/Black=0.29} 0-1